रिश्ता/ (Record no. 201244)

MARC details
000 -LEADER
fixed length control field 00822nam a22001817a 4500
005 - DATE AND TIME OF LATEST TRANSACTION
control field 20240307151854.0
010 ## - LCCN (DPL NO)
LC control number HIN-127024
020 ## - INTERNATIONAL STANDARD BOOK NUMBER
International Standard Book Number 9788195213313
Terms of availability 400.00
035 ## - SYSTEM CONTROL NUMBER
System control number HN-99370
037 ## - SOURCE OF ACQUISITION
Source of stock number/acquisition DBAD/PUB
082 ## - DEWEY DECIMAL CLASSIFICATION NUMBER
Classification number
245 ## - TITLE STATEMENT
Title रिश्ता/
Statement of responsibility, etc दिनेशमणि त्रिपाठी द्वारा संपादक
260 ## - PUBLICATION, DISTRIBUTION, ETC. (IMPRINT)
Place of publication, distribution, etc दिल्ली
Name of publisher, distributor, etc एस पी कौशिक इंटरप्राइजेज
Date of publication, distribution, etc 2022
270 ## - ADDRESS
Address ए-49 गली न 6 जगतपुरी एक्सटेंसन
City दिल्ली
Postal code 110093
300 ## - PHYSICAL DESCRIPTION
Extent 136पृष्ठ;
Dimensions 22 सेमी(सजिल्द)
700 ## - ADDED ENTRY--PERSONAL NAME
Personal name दिनेशमणि त्रिपाठी द्वारा संपादित
9 (RLIN) 62941
942 ## - ADDED ENTRY ELEMENTS (KOHA)
Source of classification or shelving scheme Dewey Decimal Classification
Item type Hindi Books
Classification part
Call number suffix रिश्ता
Holdings
Withdrawn status Lost status Not for loan Collection code Home library Current library Date acquired Source of acquisition Cost, normal purchase price Full call number Barcode Copy number Cost, replacement price Koha item type
      Fiction D.B.Act.Division D.B.Act.Division 06/03/2024 DBAD/PUB 400.00 क रिश्ता HN-99370 1 400.00 Hindi Books

© Delhi Public Library
Hit Counter
free hit counter